000 00523nam a2200181Ia 4500
001 20328
005 20260306172758.0
008 260306t2021||||xx |||||||||||||| ||spa||
041 _aESP
082 _a343.2
_bC89
100 _aCrispín Sánchez, Arturo,
_eAUT
245 0 _aCompendium constitucional :
_b25 años de jurisprudencia esencial del Tribunal Constitucional por cada rama del derecho
260 _c2021
300 _a1182 páginas :
_c25 cm.
650 _aGEN
654 _aCDE
942 _cLIB
_dJUS
_fJUS
_2ddc
_n
999 _c20328
_d20328